000 00282nam a2200121Ia 4500
005 20251222154359.0
008 251222s9999||||xx |||||||||||||| ||spa||
020 _a84-8130-205-8
082 _a893.1/M16
100 _a"Mahfuz, Maguib"
245 0 _aLa batalla de Tebas
942 _cLIB
999 _c35195
_d35195